| 000 | 00859cab a2200217 4500 | ||
|---|---|---|---|
| 001 | ABS43512 | ||
| 008 | 090401t1990 xxu||||| |||| 00| 0 eng d | ||
| 035 | _a(Sirsi) u42146 | ||
| 041 | _aeng | ||
| 100 | _aRydin, Y. | ||
| 245 | _aWhy do institutions invest in property? | ||
| 260 | _c1990 | ||
| 350 | _a0 | ||
| 490 |
_aJournal of Property Finance _v1(2) Autumn 1990, 250-258(9) |
||
| 520 | _aSurveys the current debate on the risk return profile of property investment and reports on the results of a survey which examined the perceived advantages and disadvantages of property investment in relation to other investment media and considered the features which investors seek in a unitised property asset. | ||
| 650 | _aRETURNS | ||
| 650 | _aUNITISATION | ||
| 690 | _aPROPERTY-PROPERTY FINANCE AND INVESTMENT | ||
| 942 | _n0 | ||
| 948 | _c04/03/1997 | ||
| 999 |
_c27073 _d27073 |
||